000 00463nam a22001697a 4500
008 220513b |||||||| |||| 00| 0 eng d
020 _a8131518477
050 _aQA845
_b.T46 2008
100 _aThornton, Stephen T.
245 _aClassical dynamics of particles and systems
_cStephen T. Thornton
250 _a5th ed.
260 _aNew Delhi
_bCengage
_c2008
300 _axvi, 656p.
650 _aDynamics
700 _aMarion, Jerry B.
942 _2lcc
_cBK
999 _c19309
_d19308